| 000 | 00509nam a2200181Ia 4500 | ||
|---|---|---|---|
| 003 | GCL | ||
| 008 | 140319s9999 xx 000 0 ara d | ||
| 040 |
_aGCL / _cGCL |
||
| 082 | 0 | 4 |
_a414 _bع ع |
| 100 | 1 | _aعبدالعزيز عتيق | |
| 245 | 1 | 0 |
_aعلم البديع / _cعبدالعزيز عتيق |
| 300 | _a248 ص | ||
| 490 |
_aفى البلاغة العربية _v0 |
||
| 650 | 0 | 4 | _aاللغة العربية |
| 650 | 0 | 4 | _aالبلاغة العربية |
| 650 | 0 | 4 | _aالبديع |
| 942 |
_2ddc _cBK |
||
| 999 |
_c37547 _d37547 |
||